00506nam a22001697a 450000500170000001000150001702000260003203500140005803700090007208200110008110000180009224500860011026000450019627000710024130000210031270000030033320260618115905.0 aENG-147890 a9780198070689c795.00 aEN-131422 bDBAD a355.03 aNOORANI, A.G. aINDIA-CHINA BOUNDARY PROBLEM:cBY A.G. NOORANIb1846-1947 HISTORY AND DIPLOMACY/ aNEW DELHIbOXFORD UNIVERSITY PRESSc2011 aYMCA library Building, jai Singh Road, new delhib New delhi110001 a351pg.c22cm(pb)